Guess the Mystery Song from the Lyrics #8 - Statistics

General Stats
  • This quiz has been taken 25 times
  • The average score is 392 of 673
Answer Stats
Lyrics % Correct
the
100%
Around
40%
around
40%
world
35%
Around the World - Daft Punk
20%
No matching quizzes found
Score Distribution
Percent of People with Each Score
Percentile by Number Answered
Your Score History
You have not taken this quiz